[Event "AUT-ch99M"]
[Site "Wien"]
[Date "1999.08.11"]
[Round "5"]
[White "Casagrande, Harald"]
[Black "Hoelzl, Franz"]
[Result "0-1"]
[WhiteElo "2355"]
[BlackElo "2428"]
[PlyCount "108"]
[EventDate "1999.08.11"]

1. d4 g6 2. e4 d6 3. Nc3 Bg7 4. Be3 a6 5. a4 Nc6 6. Nge2 e5 7. dxe5 Nxe5 8. Nd5
Nf6 9. Nxf6+ Bxf6 10. Nc3 O-O 11. Be2 Re8 12. O-O Bg7 13. Qd2 Be6 14. b3 Qd7
15. Rad1 15... Rad8 {=} 16. Nd5 Bxd5 17. exd5 Ng4 18. Bg5 f6 19. h3 Nh6 20. Be3
Nf7 21. Qb4 Qc8 22. Rfe1 f5 23. Bf1 Re4 24. c4 Rde8 25. a5 h5 26. Bd2 Bd4 27.
Rxe4 Rxe4 28. Bc3 Bc5 29. Qa4 Rf4 30. Rd2 Ng5 31. Re2 { } 31... Bxf2+ 32. Rxf2
Rxf2 33. Kxf2 Ne4+ 34. Kg1 Nxc3 35. Qa1 Ne4 36. b4 Qf8 37. Bd3 Qg7 38. Qxg7+
Kxg7 39. g4 Kf6 40. gxh5 gxh5 41. Kg2 Ke5 42. Kf3 h4 43. Ke3 Ng5 44. Bf1 Ne4
45. Be2 Nc3 46. Bf1 Na2 47. b5 Nc3 48. bxa6 bxa6 49. Bd3 Ne4 50. Be2 Nc5 51.
Kf3 Nb3 52. Ke3 Nxa5 53. c5 dxc5 54. Bxa6 c4 0-1

[Event "AUT-ch99M"]
[Site "Wien"]
[Date "1999.08.11"]
[Round "5"]
[White "Kwatschewsky, Leo"]
[Black "Danner, Georg"]
[Result "0-1"]
[WhiteElo "2344"]
[BlackElo "2407"]
[PlyCount "102"]
[EventDate "1999.08.11"]

1. e4 c5 2. Nf3 d6 3. d4 Nf6 4. Nc3 cxd4 5. Nxd4 a6 6. Be3 e5 7. Nb3 Be6 8. f3
Be7 9. Qd2 Nbd7 10. g4 O-O 11. O-O-O b5 12. Qf2 b4 13. Nd5 Bxd5 14. exd5 14...
a5 { } 15. Kb1 a4 16. Nc1 Ra5 17. Bc4 Qc7 18. b3 Rc8 19. g5 Nh5 20. Nd3 Rb8 21.
h4 Bf8 22. Rh2 g6 23. Qe1 Nb6 24. Bxb6 Qxb6 25. Qg1 Qc7 26. Qe1 Qb6 27. Qg1 Qb7
28. Nf2 axb3 29. Bxb3 Rba8 30. Ne4 Qa6 31. Qe3 Bg7 32. c4 bxc3 33. Qxc3 Rb5 34.
Rb2 Rc8 35. Qd2 f5 36. gxf6 Nxf6 37. Rc1 Rxc1+ 38. Qxc1 Nxe4 39. fxe4 Rc5 40.
Qd1 Bh6 41. Rc2 Rxc2 42. Kxc2 Be3 43. Qg4 Kg7 44. h5 Qf1 45. h6+ Kf6 46. Kc3
Qc1+ 47. Kd3 Qd2+ 48. Kc4 Qd4+ 49. Kb5 Qb6+ 50. Kc4 Qc5+ 51. Kd3 Qd4+ 0-1

[Event "AUT-ch99M"]
[Site "Wien"]
[Date "1999.08.11"]
[Round "5"]
[White "Baumegger, Siegfried"]
[Black "Kummer, Helmut"]
[Result "1-0"]
[WhiteElo "2407"]
[BlackElo "2293"]
[PlyCount "89"]
[EventDate "1999.08.11"]

1. e4 e5 2. Nf3 Nc6 3. Bb5 a6 4. Ba4 Nf6 5. O-O Nxe4 6. d4 b5 7. Bb3 d5 8. dxe5
Be6 9. Qe2 Bc5 10. Be3 Bxe3 11. Qxe3 Ne7 12. c3 O-O 13. Nbd2 Nf5 14. Qe2 Nxd2
15. Qxd2 c5 16. Rad1 Qe7 17. Qf4 Rad8 18. Rfe1 g6 19. Bc2 Rfe8 20. h4 Qf8 21.
Ng5 h6 22. Nf3 Rd7 23. Nh2 h5 24. Nf3 Red8 25. Ng5 Qe7 26. a4 Kg7 27. axb5 axb5
28. Bd3 b4 29. cxb4 c4 30. Bxf5 Bxf5 31. Qd4 Be6 32. Re3 Rb8 33. Rf3 { } 33...
Rxb4 34. Rxf7+ Qxf7 35. Nxf7 Rxf7 36. Ra1 Rbb7 37. Ra6 Rfe7 38. Qf4 Bf5 39. Qg5
d4 40. Qf6+ Kh7 41. Ra8 Kh6 42. e6 c3 43. bxc3 dxc3 44. Rh8+ Rh7 45. Qxc3 1-0

[Event "AUT-ch99M"]
[Site "Wien"]
[Date "1999.08.11"]
[Round "5"]
[White "Weiss, Christian"]
[Black "Hansen, Kay"]
[Result "1-0"]
[WhiteElo "2524"]
[BlackElo "2205"]
[PlyCount "109"]
[EventDate "1999.08.11"]

1. Nf3 d5 2. g3 Nf6 3. Bg2 e6 4. O-O Be7 5. c4 dxc4 6. Qa4+ Nbd7 7. Qxc4 c5 8.
d4 O-O 9. Rd1 a6 10. Qc2 Ra7 11. e4 b5 12. d5 Qb6 13. a4 Bb7 14. axb5 exd5 15.
e5 Ne4 16. bxa6 Rxa6 17. Rxa6 Qxa6 18. Nc3 Nxc3 19. bxc3 Re8 20. h4 h6 21. Re1
Bd8 22. Qf5 Nf8 23. Be3 Qc6 24. Rb1 Bc8 25. Qd3 Ba6 26. Qd2 Bc7 27. Qa2 Bc4 28.
Qa3 Nd7 29. Nd2 Bd3 30. Rc1 c4 31. Nf3 Bxe5 32. Nxe5 Nxe5 33. Bd4 Qe6 34. Qa5
Be4 35. Re1 Qf5 36. Bxe4 dxe4 37. Bxe5 Rxe5 38. Qd8+ Kh7 39. Qd4 Qe6 40. f4 Qg4
41. fxe5 Qxg3+ 42. Kf1 Qf3+ 43. Qf2 Qh3+ 44. Kg1 Qxc3 45. Rxe4 Qd3 46. Re3 Qd4
47. Qf5+ Kg8 48. Qe4 Qd1+ 49. Re1 Qb3 50. Qe3 Qc2 51. e6 Qg6+ 52. Kh1 Qf6 53.
exf7+ Kh7 54. Qe4+ g6 55. h5 1-0

[Event "AUT-ch99M"]
[Site "Wien"]
[Date "1999.08.11"]
[Round "5"]
[White "Lendwai, Reinhard"]
[Black "Wach, Markus"]
[Result "1-0"]
[WhiteElo "2376"]
[BlackElo "2397"]
[PlyCount "61"]
[EventDate "1999.08.11"]

1. e4 c5 2. Ne2 d6 3. Nbc3 Nf6 4. g3 g6 5. Bg2 Bg7 6. d3 Nc6 7. h3 Bd7 8. Be3
b5 9. Qd2 b4 10. Nd1 e5 11. O-O Qc8 12. Kh2 h5 13. f3 h4 14. g4 Nh7 15. c3 bxc3
16. bxc3 O-O 17. Nb2 Qa6 18. Rfd1 Rab8 19. Bf1 f5 20. Ng1 { } 20... Nd4 21.
cxd4 exd4 22. Bf2 fxg4 23. hxg4 Be5+ 24. Kg2 Qc8 25. Be2 Bf4 26. Qc2 Ng5 27.
Bxh4 Kg7 28. Bxg5 Bxg5 29. Nh3 Be3 30. Nc4 Rh8 31. Rh1 1-0

[Event "AUT-ch99M"]
[Site "Wien"]
[Date "1999.08.11"]
[Round "5"]
[White "Stichlberger, Martin"]
[Black "Mahdy, Khaled"]
[Result "1/2-1/2"]
[WhiteElo "2296"]
[BlackElo "2325"]
[PlyCount "47"]
[EventDate "1999.08.11"]

1. Nc3 e5 2. Nf3 d6 3. d4 exd4 4. Nxd4 Nc6 5. Nxc6 bxc6 6. Qd4 Be6 7. e4 Nf6 8.
Bg5 Be7 9. Be2 O-O 10. O-O Nxe4 11. Bxe7 Nxc3 12. Qxc3 Qxe7 13. Qxc6 Rab8 14.
b3 Rb6 15. Qf3 Qg5 16. Bd3 Rb4 17. h3 a5 18. a3 Rh4 19. Qg3 Qxg3 20. fxg3 Rh5
21. Rf4 Rb8 22. Kf2 g6 23. b4 axb4 24. axb4 1/2-1/2

[Event "AUT-ch99M"]
[Site "Wien"]
[Date "1999.08.11"]
[Round "5"]
[White "Sommerbauer, Norbert"]
[Black "Stanec, Nikolaus"]
[Result "1/2-1/2"]
[WhiteElo "2375"]
[BlackElo "2495"]
[PlyCount "37"]
[EventDate "1999.08.11"]

1. Nf3 c5 2. c4 g6 3. d4 cxd4 4. Nxd4 Bg7 5. e4 Nc6 6. Be3 Nf6 7. Nc3 O-O 8.
Be2 d6 9. O-O Bd7 10. Qd2 Nxd4 11. Bxd4 Bc6 12. f3 Nd7 13. Be3 a5 14. b3 Nc5
15. Rab1 Qb6 16. Nb5 Rfc8 17. Rfd1 Qd8 18. Na7 Rxa7 19. Bxc5 1/2-1/2

[Event "AUT-ch99M"]
[Site "Wien"]
[Date "1999.08.12"]
[Round "6"]
[White "Hoelzl, Franz"]
[Black "Stanec, Nikolaus"]
[Result "1-0"]
[WhiteElo "2428"]
[BlackElo "2495"]
[PlyCount "77"]
[EventDate "1999.08.12"]

1. d4 Nf6 2. Nf3 g6 3. c4 Bg7 4. Nc3 O-O 5. e4 d6 6. Be2 Bg4 7. Be3 Nc6 8. d5
Bxf3 9. Bxf3 Ne5 10. Be2 c6 11. O-O Re8 12. Qa4 e6 13. dxe6 Rxe6 14. Rad1 Qc7
15. Qb3 Ned7 16. f3 Nc5 17. Qc2 a5 18. Bxc5 dxc5 19. f4 Nd7 20. e5 Re7 21. Bg4
f5 22. Bh3 h5 23. Rd6 Nf8 24. Rfd1 Rae8 25. Qf2 b6 26. Qg3 Re6 27. Qd3 Rxd6 28.
Qxd6 Qc8 29. g3 Ne6 30. Bg2 Rd8 31. Qxc6 Qxc6 32. Bxc6 Nd4 33. Bd5+ Kh7 34. Kf2
g5 35. Bf7 h4 36. Nd5 Bf8 37. fxg5 hxg3+ 38. Kxg3 Bg7 39. g6+ 1-0

[Event "AUT-ch99M"]
[Site "Wien"]
[Date "1999.08.12"]
[Round "6"]
[White "Mahdy, Khaled"]
[Black "Sommerbauer, Norbert"]
[Result "1-0"]
[WhiteElo "2325"]
[BlackElo "2375"]
[PlyCount "141"]
[EventDate "1999.08.12"]

1. e4 c5 2. Nf3 a6 3. Nc3 Nc6 4. d4 cxd4 5. Nxd4 e5 6. Nf3 Nf6 7. Bc4 Bb4 8.
O-O Bxc3 9. bxc3 Qe7 10. Qd3 O-O 11. Re1 Na5 12. Bb3 b6 13. Bg5 d6 14. Bd5 Nb7
15. Nd2 b5 16. Nf1 h6 17. Bxf6 Qxf6 18. c4 Nc5 19. Qd2 Rb8 20. Rab1 Bd7 21.
cxb5 Rxb5 22. Ne3 Qf4 23. f3 Kh7 24. Rbd1 f5 25. Nc4 fxe4 26. Qxf4 Rxf4 27.
Nxd6 exf3 28. Bxf3 Rb2 29. Rxe5 Rxc2 30. Ne4 Nxe4 31. Bxe4+ Rxe4 32. Rxe4 Bc6
33. Rg4 Rxa2 34. h3 Bb5 35. Rc1 Ra4 36. Rxa4 Bxa4 37. Rc7 Bb3 38. Ra7 Bc4 39.
Kf2 Kg6 40. g3 Kf6 41. Ke3 g5 42. Rh7 Kg6 43. Rb7 Bf1 44. Rb6+ Kg7 45. h4 gxh4
46. gxh4 h5 47. Kf4 Be2 48. Kf5 Bg4+ 49. Kg5 Kf7 50. Rxa6 Ke7 51. Rf6 Bd1 52.
Kg6 Bg4 53. Kg7 Bd1 54. Rf1 Bg4 55. Re1+ Kd6 56. Kf6 Kd7 57. Re3 Kd6 58. Rd3+
Kc6 59. Kg6 Kc5 60. Rd8 Kc6 61. Kf6 Kc5 62. Rd2 Kc6 63. Ke5 Bf3 64. Rd6+ Kc7
65. Ke6 Bg4+ 66. Ke7 Kb7 67. Rg6 Kc7 68. Rf6 Kb7 69. Kd6 Bd1 70. Rf7+ Kc8 71.
Rf1 1-0

[Event "AUT-ch99M"]
[Site "Wien"]
[Date "1999.08.12"]
[Round "6"]
[White "Wach, Markus"]
[Black "Stichlberger, Martin"]
[Result "1-0"]
[WhiteElo "2397"]
[BlackElo "2296"]
[PlyCount "87"]
[EventDate "1999.08.12"]

1. e4 Nc6 2. d4 d5 3. Nc3 e5 4. exd5 Nxd4 5. Nf3 Nxf3+ 6. Qxf3 Bb4 7. Bc4 Nf6
8. Bg5 Qd6 9. Bb5+ Bd7 10. Bxd7+ Nxd7 11. O-O-O Bxc3 12. Qxc3 f6 13. Be3 O-O
14. Rhe1 Kh8 15. Kb1 Rfe8 16. f3 Rad8 17. Qb3 b6 18. Qa4 a5 19. Qc4 Nf8 20. Rd2
Ng6 21. g3 Rd7 22. Red1 Ne7 23. a3 Red8 24. Qb5 Nf5 25. Bf2 Qe7 26. Qe2 Qf7 27.
c4 h6 28. Ka1 Nd6 29. g4 b5 30. cxb5 a4 31. b6 cxb6 32. Bxb6 Ra8 33. Bc5 Qe8
34. Bb4 Qd8 35. h4 Qb6 36. Rc1 Nb5 37. Bc5 Qb7 38. Qe4 Rc8 39. Rcc2 Qa6 40. g5
fxg5 41. hxg5 Kg8 42. Rh2 g6 43. Qh4 Rg7 44. gxh6 1-0

[Event "AUT-ch99M"]
[Site "Wien"]
[Date "1999.08.12"]
[Round "6"]
[White "Kummer, Helmut"]
[Black "Weiss, Christian"]
[Result "1-0"]
[WhiteElo "2293"]
[BlackElo "2524"]
[PlyCount "87"]
[EventDate "1999.08.12"]

1. d4 g6 2. c4 Bg7 3. Nc3 c5 4. d5 Bxc3+ 5. bxc3 f5 6. e4 fxe4 7. f3 Qa5 8. Qc2
Nf6 9. fxe4 d6 10. Nf3 Nbd7 11. Bd3 Ne5 12. Nxe5 dxe5 13. Rb1 Qc7 14. O-O O-O
15. Bh6 Rf7 16. Qb2 b6 17. Qf2 Bd7 18. Qh4 Qd6 19. h3 Kh8 20. Rf2 Rg8 21. Qg5 {
} 21... Rgg7 22. Bxg7+ Kxg7 23. Rbf1 Be8 24. g4 h6 25. Qe3 Nh7 26. h4 Rxf2 27.
Qxf2 g5 28. hxg5 hxg5 29. Qf5 Bg6 30. Qc8 Nf6 31. Kg2 Ne8 32. Kg3 Nf6 33. Bc2
Bxe4 34. Bxe4 Nxe4+ 35. Kg2 Nf6 36. Qf5 b5 37. Qxg5+ Kf8 38. Re1 bxc4 39. Rxe5
Qa6 40. Re2 Qb7 41. Rf2 Ke8 42. Rxf6 exf6 43. Qg8+ Kd7 44. Qf7+ 1-0

[Event "AUT-ch99M"]
[Site "Wien"]
[Date "1999.08.12"]
[Round "6"]
[White "Danner, Georg"]
[Black "Baumegger, Siegfried"]
[Result "0-1"]
[WhiteElo "2407"]
[BlackElo "2407"]
[Annotator "G. DANNER"]
[PlyCount "80"]
[EventDate "1999.08.12"]

1. d4 Nf6 2. Nf3 e6 3. e3 c5 4. Bd3 Nc6 5. O-O d5 6. b3 Be7 7. Bb2 O-O 8. Nbd2
b6 9. Ne5 Bb7 10. f4 Rc8 11. a3 Nxe5 12. dxe5 Ne4 13. Bxe4 dxe4 14. Nc4 Ba6 15.
Qe2 g6 16. g4 Qc7 17. f5 Bg5 18. Qf2 Bxc4 19. bxc4 Rfe8 20. h4 Bh6 21. g5 Bf8
22. f6 Red8 23. h5 Qd7 24. Qf4 (24. Bc3 $1 24... Qa4 25. Qe2) 24... Qa4 25. Rf2
Qa5 26. hxg6 hxg6 27. Qxe4 Rd2 28. Rxd2 Qxd2 29. Rf1 Rd8 30. Bc1 Qe2 31. Qf3
Qxc2 32. e4 Rd4 33. Re1 Qxc4 34. Bf4 Rd3 35. Qf2 Qb3 36. Kg2 c4 37. Re2 Qd1 38.
Be3 c3 39. a4 c2 40. Rxc2 Rxe3 0-1

[Event "AUT-ch99M"]
[Site "Wien"]
[Date "1999.08.12"]
[Round "6"]
[White "Casagrande, Harald"]
[Black "Kwatschewsky, Leo"]
[Result "1-0"]
[WhiteElo "2355"]
[BlackElo "2344"]
[PlyCount "45"]
[EventDate "1999.08.12"]

1. d4 d5 2. Nf3 Nf6 3. Bg5 e6 4. Nbd2 Be7 5. c3 Nbd7 6. e3 c5 7. Bd3 a6 8. O-O
b6 9. e4 dxe4 10. Nxe4 Bb7 11. Qe2 c4 12. Bc2 Rc8 13. Nxf6+ Nxf6 14. Ne5 Bd5
15. f4 g6 16. Rae1 O-O 17. Qf2 Rc7 18. Re3 Nh5 19. Bxe7 Qxe7 20. g4 Ng7 21. f5
f6 22. fxg6 h6 23. Nf7 1-0

[Event "AUT-ch99M"]
[Site "Wien"]
[Date "1999.08.13"]
[Round "7"]
[White "Kwatschewsky, Leo"]
[Black "Hoelzl, Franz"]
[Result "0-1"]
[WhiteElo "2344"]
[BlackElo "2428"]
[PlyCount "96"]
[EventDate "1999.08.13"]

1. c4 e6 2. Nc3 b6 3. Nf3 Bb7 4. d4 Bb4 5. Qb3 a5 6. Bg5 f6 7. Bf4 Nc6 8. e3 a4
9. Qc2 a3 10. b3 Be7 11. Be2 Nb4 12. Qd2 f5 13. Nb5 Na6 14. O-O Nf6 15. Qd1 O-O
16. Ne5 Ne4 17. f3 Ng5 18. Bxg5 Bxg5 19. f4 Be7 20. Bf3 Bxf3 21. Nxf3 c6 22.
Nc3 Bb4 23. Rc1 b5 24. Qe2 Qa5 25. cxb5 cxb5 26. Nd1 Bd6 27. Nf2 Nb4 28. Ne5
Bxe5 29. fxe5 Nd5 30. Rc5 Rac8 31. Rfc1 Rxc5 32. Rxc5 Qa8 33. Nd3 b4 34. Qf3
Qa6 35. Qe2 h6 36. Qd2 Rb8 37. Rc4 Qa5 38. Rc5 Qd8 39. Rc4 Qg5 40. Nf4 Nc3 41.
Rc7 Qd8 42. Rc4 Rc8 43. Rxc8 Qxc8 44. Nd3 { } 44... Nxa2 45. Qxa2 Qc3 46. Qb1
Qd2 47. h3 Qxe3+ 48. Kh2 Qxd4 0-1

[Event "AUT-ch99M"]
[Site "Wien"]
[Date "1999.08.13"]
[Round "7"]
[White "Baumegger, Siegfried"]
[Black "Casagrande, Harald"]
[Result "0-1"]
[WhiteElo "2407"]
[BlackElo "2355"]
[PlyCount "56"]
[EventDate "1999.08.13"]

1. c4 c5 2. Nc3 b6 3. Nf3 Bb7 4. d4 cxd4 5. Nxd4 Nf6 6. Bg5 e6 7. Ndb5 d6 8.
Bf4 e5 9. Bg5 a6 10. Bxf6 gxf6 11. Na3 f5 12. Nc2 f4 13. e4 Nd7 14. Nb4 Nc5 15.
Nbd5 Rg8 16. b4 Ne6 17. Qa4+ b5 18. cxb5 Bh6 19. bxa6+ Kf8 20. b5 Nd4 21. Rd1
f3 22. g3 Bxd5 23. exd5 Rc8 24. Bc4 24... Rg4 { } 25. O-O Ne2+ 26. Nxe2 Rgxc4
27. Nc3 Rxa4 28. Nxa4 Qa5 0-1

[Event "AUT-ch99M"]
[Site "Wien"]
[Date "1999.08.13"]
[Round "7"]
[White "Weiss, Christian"]
[Black "Danner, Georg"]
[Result "1/2-1/2"]
[WhiteElo "2524"]
[BlackElo "2407"]
[PlyCount "81"]
[EventDate "1999.08.13"]

1. d4 Nf6 2. Bg5 c5 3. Bxf6 gxf6 4. d5 Qb6 5. Qc1 f5 6. e3 Bg7 7. c3 d6 8. Nd2
Nd7 9. Nh3 Nf6 10. Bc4 Bd7 11. Nf4 O-O 12. Qc2 Rae8 13. O-O e5 14. Ne2 Qd8 15.
a4 a6 16. a5 Nh5 17. Ng3 Nxg3 18. fxg3 e4 19. Bb3 Qg5 20. Rfe1 Be5 21. Ba4 Bxa4
22. Qxa4 h5 23. Re2 Re7 24. Rf1 f6 25. Nc4 h4 26. gxh4 Qxh4 27. g3 Rg7 28. Rg2
Qh3 29. Qd1 Kh8 30. Rff2 Rfg8 31. Kf1 Rg4 32. Qe2 R8g5 33. Ke1 Qh7 34. Kd1 Qg8
35. Qd2 Qe8 36. b3 Qg6 37. Kc1 Rh5 38. Kb2 Qg8 39. Qd1 Rgg5 40. Qd2 Rh3 41. Ka2
1/2-1/2

[Event "AUT-ch99M"]
[Site "Wien"]
[Date "1999.08.13"]
[Round "7"]
[White "Lendwai, Reinhard"]
[Black "Hansen, Kay"]
[Result "1-0"]
[WhiteElo "2376"]
[BlackElo "2205"]
[PlyCount "73"]
[EventDate "1999.08.13"]

1. e4 c6 2. d4 d5 3. exd5 cxd5 4. Bd3 Nc6 5. c3 g6 6. Nf3 Nf6 7. Bf4 Bg7 8. h3
a6 9. Nbd2 O-O 10. a4 b6 11. O-O Be6 12. Re1 Qc8 13. Ne5 Nxe5 14. Bxe5 Re8 15.
Nf3 Bh6 16. Bh2 Nh5 17. Ne5 Nf4 18. Bf1 Bf5 19. g4 Be6 20. Qf3 g5 21. Bxf4 gxf4
22. Nd3 f5 23. Ne5 Kh8 24. gxf5 Bxf5 25. Nf7+ Kg7 26. Nxh6 Kxh6 27. Qxf4+ Kg6
28. Kh2 e6 29. Re5 Qd8 30. Bd3 Kg7 31. Bxf5 exf5 32. Rg1+ Kh8 33. Qh6 Rg8 34.
Rxg8+ Qxg8 35. Qf6+ Qg7 36. Qxg7+ Kxg7 37. Rxd5 1-0

[Event "AUT-ch99M"]
[Site "Wien"]
[Date "1999.08.13"]
[Round "7"]
[White "Stichlberger, Martin"]
[Black "Weinzettl, Ernst"]
[Result "0-1"]
[WhiteElo "2296"]
[BlackElo "2401"]
[PlyCount "70"]
[EventDate "1999.08.13"]

1. g4 e5 2. Bg2 Ne7 3. c4 Ng6 4. d3 Nc6 5. Nc3 d6 6. g5 Nh4 7. Be4 Nd4 8. e3
Ne6 9. f4 exf4 10. exf4 Nd4 11. Nge2 Nhf5 12. Nxd4 Nxd4 13. Be3 Nf5 14. Bf2 c6
15. Qe2 Be7 16. O-O-O O-O 17. d4 d5 18. cxd5 Bb4 19. Qc2 Qd6 20. Ne2 Re8 21.
dxc6 bxc6 22. Kb1 Rb8 23. Ng3 g6 24. Qxc6 Qxc6 25. Bxc6 Bc3 26. Kc2 Nxg3 27.
Bxe8 Nxh1 28. Rxh1 Ba5 29. Ba4 Bf5+ 30. Kd1 Rxb2 31. Be3 Rxa2 32. Bc6 Bd3 33.
Bd5 Re2 34. Bc1 Rf2 35. h4 Bc2# 0-1

[Event "AUT-ch99M"]
[Site "Wien"]
[Date "1999.08.13"]
[Round "7"]
[White "Sommerbauer, Norbert"]
[Black "Wach, Markus"]
[Result "1/2-1/2"]
[WhiteElo "2375"]
[BlackElo "2397"]
[PlyCount "42"]
[EventDate "1999.08.13"]

1. e4 Nf6 2. e5 Nd5 3. d4 d6 4. Nf3 Bg4 5. Be2 e6 6. O-O Be7 7. c4 Nb6 8. Nc3
O-O 9. Be3 N8d7 10. exd6 cxd6 11. b3 Nf6 12. a4 a5 13. h3 Bh5 14. Rc1 Nbd7 15.
Nb5 Nb8 16. d5 exd5 17. g4 Bg6 18. g5 Ne4 19. Qxd5 Nc6 20. Nd2 Nb4 21. Qxb7
Bxg5 1/2-1/2

[Event "AUT-ch99M"]
[Site "Wien"]
[Date "1999.08.13"]
[Round "7"]
[White "Stanec, Nikolaus"]
[Black "Mahdy, Khaled"]
[Result "1/2-1/2"]
[WhiteElo "2495"]
[BlackElo "2325"]
[PlyCount "106"]
[EventDate "1999.08.13"]

1. e4 e5 2. Nf3 Nc6 3. Bb5 a6 4. Ba4 Nf6 5. d3 d6 6. c3 g6 7. O-O Bg7 8. Nbd2
O-O 9. Bc2 d5 10. Re1 h6 11. a3 dxe4 12. dxe4 Be6 13. Bb3 Qe7 14. Bxe6 Qxe6 15.
Qb3 Qxb3 16. Nxb3 a5 17. a4 Rfd8 18. Nfd2 b6 19. f3 Ne8 20. Nc4 Nd6 21. Nxd6
Rxd6 22. Nd2 f5 23. Nc4 Rd7 24. exf5 gxf5 25. Be3 Rad8 26. Bf2 Bf6 27. Bg3 f4
28. Bf2 Rd3 29. Kf1 Kf7 30. Re4 h5 31. Ke2 h4 32. g3 hxg3 33. hxg3 fxg3 34.
Bxg3 R3d5 35. Rh1 Rh8 36. Rxh8 Bxh8 37. Ne3 Rd7 38. Rc4 Nd8 39. Ng4 Ke6 40. Nf2
Bf6 41. Nd3 Rg7 42. Bf2 Kd5 43. Re4 c5 44. c4+ Kd6 45. Rg4 Ke6 46. Rxg7 Bxg7
47. Ne1 Bf6 48. Ng2 Nf7 49. Ne3 Nd6 50. Kd3 Bd8 51. Be1 Bg5 52. Nd5 Bd8 53. Bd2
Nf7 1/2-1/2

[Event "AUT-ch99M"]
[Site "Wien"]
[Date "1999.08.14"]
[Round "8"]
[White "Hoelzl, Franz"]
[Black "Mahdy, Khaled"]
[Result "0-1"]
[WhiteElo "2428"]
[BlackElo "2325"]
[PlyCount "94"]
[EventDate "1999.08.14"]

1. g3 g6 2. Bg2 Bg7 3. e4 c5 4. Nf3 Nc6 5. O-O d6 6. c3 Nf6 7. Re1 e5 8. d4
cxd4 9. cxd4 Bg4 10. d5 Nd4 11. Be3 O-O 12. Nbd2 Nd7 13. Nb3 Nxf3+ 14. Bxf3
Bxf3 15. Qxf3 f5 16. Rac1 a5 17. Rc2 a4 18. Nc1 Rc8 19. Qd1 Nf6 20. exf5 gxf5
21. Ne2 Qd7 22. Bg5 Rxc2 23. Qxc2 Rc8 24. Qd3 e4 25. Qd2 Ng4 26. Kg2 Qb5 27. h3
Ne5 28. Nd4 Qxd5 29. Nxf5 Qxd2 30. Bxd2 Rc2 31. Bh6 Nd3 32. Rf1 Bxh6 33. Nxh6+
Kg7 34. Nf5+ Kg6 35. g4 Rxb2 36. Kg3 Rxa2 37. Nxd6 Nc5 38. Rc1 Ra3+ 39. Kg2 Nd3
40. Rb1 Nf4+ 41. Kg1 Nxh3+ 42. Kf1 Rb3 43. Rxb3 axb3 44. Nxe4 b2 45. Nc3 Kg5
46. f3 Kf4 47. Kg2 b5 0-1

[Event "AUT-ch99M"]
[Site "Wien"]
[Date "1999.08.14"]
[Round "8"]
[White "Wach, Markus"]
[Black "Stanec, Nikolaus"]
[Result "1/2-1/2"]
[WhiteElo "2397"]
[BlackElo "2495"]
[PlyCount "58"]
[EventDate "1999.08.14"]

1. e4 d6 2. d4 Nf6 3. Nc3 c6 4. f4 Qa5 5. Bd3 e5 6. Nf3 Bg4 7. dxe5 dxe5 8. f5
Bc5 9. h3 Bxf3 10. Qxf3 Nbd7 11. Bd2 h5 12. g3 Bb4 13. a3 Bxc3 14. Bxc3 Qc7 15.
g4 hxg4 16. hxg4 Rxh1+ 17. Qxh1 O-O-O 18. g5 Ne8 19. O-O-O Nc5 20. Qh2 f6 21.
Qh4 Qb6 22. gxf6 gxf6 23. Bc4 Rxd1+ 24. Kxd1 Na4 25. Be6+ Kb8 26. Bd2 Qg1+ 27.
Ke2 Qg2+ 28. Ke1 Qg1+ 29. Ke2 Qg2+ 1/2-1/2

[Event "AUT-ch99M"]
[Site "Wien"]
[Date "1999.08.14"]
[Round "8"]
[White "Weinzettl, Ernst"]
[Black "Sommerbauer, Norbert"]
[Result "1/2-1/2"]
[WhiteElo "2401"]
[BlackElo "2375"]
[PlyCount "54"]
[EventDate "1999.08.14"]

1. e4 c5 2. c3 e6 3. Nf3 d5 4. d3 Nc6 5. Nbd2 g6 6. g3 Bg7 7. Bg2 Nf6 8. O-O
O-O 9. Re1 b6 10. a3 a5 11. a4 Ra7 12. Qc2 Ba6 13. Bf1 Rd7 14. exd5 exd5 15.
Bh3 Re7 16. Rxe7 Qxe7 17. Nf1 d4 18. Bd2 dxc3 19. bxc3 Ne5 20. Nxe5 Qxe5 21.
Bf4 Qh5 22. Bg2 Nd5 23. Bd2 Nb4 24. Qd1 Qxd1 25. Rxd1 Nxd3 26. Rb1 Rb8 27. Ne3
Ne5 1/2-1/2

[Event "AUT-ch99M"]
[Site "Wien"]
[Date "1999.08.14"]
[Round "8"]
[White "Hansen, Kay"]
[Black "Stichlberger, Martin"]
[Result "1-0"]
[WhiteElo "2205"]
[BlackElo "2296"]
[PlyCount "81"]
[EventDate "1999.08.14"]

1. d4 h6 2. e4 g5 3. c3 d5 4. Nd2 Bg7 5. Bd3 c5 6. dxc5 Nc6 7. Ne2 Nf6 8. O-O
Qc7 9. exd5 Nxd5 10. Nc4 Be6 11. Qc2 Nf4 12. Nxf4 gxf4 13. g3 fxg3 14. hxg3 Ne5
15. Nxe5 Bxe5 16. Qa4+ Kf8 17. Qh4 h5 18. Bg5 Bg4 19. Rae1 Rd8 20. Bxe7+ Qxe7
21. Qxe7+ Kxe7 22. Rxe5+ Kf6 23. Re3 Be6 24. a4 h4 25. b4 a5 26. Be4 Bd5 27.
Bxd5 Rxd5 28. Rfe1 hxg3 29. Rxg3 Rh4 30. Rf3+ Kg7 31. Re7 axb4 32. Rexf7+ Kg6
33. Rxb7 bxc3 34. Rxc3 Rd1+ 35. Kg2 Rxa4 36. c6 Kg5 37. Rb5+ Kf4 38. c7 Raa1
39. Rb4+ Ke5 40. c8=Q Rg1+ 41. Kf3 1-0

[Event "AUT-ch99M"]
[Site "Wien"]
[Date "1999.08.14"]
[Round "8"]
[White "Kummer, Helmut"]
[Black "Lendwai, Reinhard"]
[Result "1/2-1/2"]
[WhiteElo "2293"]
[BlackElo "2376"]
[PlyCount "57"]
[EventDate "1999.08.14"]

1. d4 Nf6 2. c4 e6 3. Nf3 c5 4. d5 exd5 5. cxd5 d6 6. Nc3 a6 7. a4 g6 8. e4 Bg4
9. Be2 Bxf3 10. Bxf3 Bg7 11. Bf4 O-O 12. O-O Ne8 13. Qd2 Nd7 14. Rab1 Qa5 15.
Be2 Rb8 16. Ra1 Qb4 17. Rfe1 Ne5 18. a5 b5 19. axb6 Rxb6 20. Rxa6 Rxa6 21. Bxa6
Nc7 22. Bf1 Rb8 23. Nd1 Qa4 24. f3 h5 25. Re3 Nb5 26. h3 Nd4 27. Kh1 Nb3 28.
Qc2 Qb4 29. Qc3 1/2-1/2

[Event "AUT-ch99M"]
[Site "Wien"]
[Date "1999.08.14"]
[Round "8"]
[White "Kwatschewsky, Leo"]
[Black "Baumegger, Siegfried"]
[Result "1/2-1/2"]
[WhiteElo "2344"]
[BlackElo "2407"]
[PlyCount "71"]
[EventDate "1999.08.14"]

1. c4 e5 2. Nc3 Nc6 3. Nf3 f5 4. d4 e4 5. d5 exf3 6. dxc6 fxg2 7. cxd7+ Qxd7 8.
Qxd7+ Bxd7 9. Bxg2 O-O-O 10. O-O Nf6 11. Bf4 c6 12. Rfd1 Be6 13. Rxd8+ Kxd8 14.
Rd1+ Kc8 15. b3 Bb4 16. Rd3 Re8 17. Bd6 Bxd6 18. Rxd6 Kc7 19. Rd2 Bf7 20. e3
Bh5 21. Kf1 Ng4 22. h3 Nh2+ 23. Kg1 Nf3+ 24. Bxf3 Bxf3 25. Kh2 Bh5 26. Kg3 g5
27. h4 h6 28. c5 Re6 29. b4 b6 30. cxb6+ axb6 31. a4 Re5 32. hxg5 hxg5 33. Rd3
Re8 34. Rd4 Bf7 35. Rd1 Rh8 36. Rc1 1/2-1/2

[Event "AUT-ch99M"]
[Site "Wien"]
[Date "1999.08.15"]
[Round "9"]
[White "Baumegger, Siegfried"]
[Black "Hoelzl, Franz"]
[Result "1/2-1/2"]
[WhiteElo "2407"]
[BlackElo "2428"]
[PlyCount "81"]
[EventDate "1999.08.15"]

1. d4 Nf6 2. Nf3 d5 3. c4 e6 4. e3 Nbd7 5. Bd3 dxc4 6. Bxc4 b6 7. O-O Bb7 8.
Qe2 c5 9. Nc3 Qb8 10. Rd1 Bd6 11. h3 O-O 12. Bd2 h6 13. Rac1 a6 14. a4 Re8 15.
Be1 cxd4 16. Nxd4 Ne5 17. Ba2 Nc6 18. Nxc6 Bxc6 19. Nb5 Bh2+ 20. Kh1 Bxg2+ 21.
Kxg2 axb5 22. Qxb5 Bc7 23. b4 Qb7+ 24. f3 Qa7 25. Bb3 Red8 26. Qc6 Rxd1 27.
Rxd1 b5 28. a5 Bd8 29. Rd3 Rb8 30. Bg3 Be7 31. Bxb8 Qxb8 32. a6 Bxb4 33. Qb7
Qe5 34. Qc8+ Kh7 35. a7 Be1 36. Kf1 36... Qg3 { } 37. Qc2 Qxf3+ 38. Kxe1 Qh1+
39. Ke2 Qg2+ 40. Ke1 Qg1+ 41. Ke2 1/2-1/2

[Event "AUT-ch99M"]
[Site "Wien"]
[Date "1999.08.15"]
[Round "9"]
[White "Weiss, Christian"]
[Black "Kwatschewsky, Leo"]
[Result "1-0"]
[WhiteElo "2524"]
[BlackElo "2344"]
[PlyCount "59"]
[EventDate "1999.08.15"]

1. e4 e5 2. Nf3 Nc6 3. Bc4 Nf6 4. d3 Bc5 5. O-O O-O 6. c3 d6 7. b4 Bb6 8. Bg5
Bg4 9. a4 a6 10. h3 Be6 11. Nbd2 Kh8 12. Qb3 Qd7 13. a5 Ba7 14. Bxf6 gxf6 15.
Kh2 Ne7 16. d4 c6 17. Bxe6 Qxe6 18. Qb2 Rad8 19. Rfe1 Rg8 20. g3 d5 21. Re2 Ng6
22. Rae1 exd4 23. cxd4 Qd7 24. Nb3 Nf8 25. e5 f5 26. Nc5 Bxc5 27. dxc5 Rg7 28.
Nd4 Kg8 29. f4 Re8 30. Qc2 1-0